000 00362nam a2200145 i 4500
001 bg
100 1 _aŁAJASIEWICZ, Stanisław
245 0 _aWstęp do teorii funkcji rzeczywistych /
_cStanisław Łajasiewicz.
250 _aWyd.2.
260 _aWarszawa,
_c1976.
040 _cBPK
041 _apol
942 _cKS
008 s pl f |000 0 pol
999 _c27495
_d27495
856 _uhttp://koha.tu.koszalin.pl/cgi-bin/koha/opac-detail.pl?biblionumber=27495
_yKatalog online BPK